000 00507nam a2200145 a 4500
001 000039706
005 20201002033706.0
008 130716s2004 dr 000 0 spa d
020 _a9505119402
040 _aDO-SdBNP
_bspa
_cBNPHU
245 0 3 _aLa democracia en América Latina :
_bhacia una democracia de ciudadanas y ciudadanos.
260 _aBuenos Aires :
_bPrograma de las Naciones Unidas para el Desarrollo,
_c2004.
300 _a255 p. :
_bil., gráfs. ;
_c28 cm.
504 _aBibliografía: p. 239 -255
999 _c39196
_d39196